G4京港澳高速公路途经的地级和县级行政区 - Statistics

General Stats
  • This quiz has been taken 55 times
  • The average score is 67 of 119
Answer Stats
县级行政区 % Correct
保定市
90%
石家庄市
90%
邯郸市
90%
郑州市
90%
安阳县
88%
新乡县
88%
邢台市
88%
安阳市
88%
鹤壁市
88%
新乡市
88%
许昌市
88%
漯河市
88%
驻马店市
88%
信阳市
88%
武汉市
88%
长沙县
85%
孝感市
85%
长沙市
85%
衡阳市
85%
丰台区
83%
岳阳县
83%
湘潭县
83%
咸宁市
83%
岳阳市
83%
湘潭市
83%
株洲市
83%
郴州市
83%
深圳市
83%
韶关市
80%
清远市
78%
广州市
78%
房山区
76%
东莞市
76%
新郑市
71%
宝安区
68%
涿州市
66%
白云区
66%
耒阳市
63%
英德市
63%
花都区
63%
高碑店市
61%
南山区
61%
临湘市
59%
黄埔区
59%
福田区
59%
徐水区
56%
定州市
56%
藁城区
56%
赤壁市
56%
岳阳楼区
56%
衡东县
56%
从化区
56%
大悟县
54%
东西湖区
54%
汨罗市
54%
金水区
51%
蔡甸区
51%
衡南县
51%
定兴县
49%
新乐市
49%
赵县
49%
高邑县
49%
管城回族区
49%
西平县
49%
孝南区
49%
雨花区
49%
增城区
49%
望都县
46%
邯山区
46%
淇县
46%
长葛市
46%
确山县
46%
孝昌县
46%
江夏区
46%
沙河市
44%
丛台区
44%
卫辉市
44%
中牟县
44%
乐昌市
44%
莲池区
41%
栾城区
41%
磁县
41%
临漳县
41%
临颍县
41%
清苑区
39%
柏乡县
39%
汤阴县
39%
淇滨区
39%
遂平县
39%
驿城区
39%
罗山县
39%
芙蓉区
39%
隆尧县
37%
内丘县
37%
永年区
37%
红旗区
37%
建安区
37%
平桥区
37%
平江县
37%
苏仙区
37%
曲江区
37%
佛冈县
37%
任泽区
34%
襄都区
34%
咸安区
34%
天元区
34%
北湖区
34%
宜章县
34%
乳源瑶族自治县
34%
武江区
34%
北关区
32%
文峰区
32%
原阳县
32%
岳塘区
32%
郾城区
27%
召陵区
27%
渌口区
27%
翁源县
27%
永兴县
22%
No matching quizzes found
Score Distribution
Percent of People with Each Score
Percentile by Number Answered
Your Score History
You have not taken this quiz